|
|
|
|
| LEADER |
00000naa2a2200000 4500 |
| 001 |
382503 |
| 005 |
20231101063003.0 |
| 035 |
|
|
|a (RuTPU)RU\TPU\prd\6537
|
| 090 |
|
|
|a 382503
|
| 100 |
|
|
|a 20020918a2002 k y0rusy50 ca
|
| 101 |
0 |
|
|a rus
|
| 102 |
|
|
|a RU
|
| 200 |
1 |
|
|a Медленные болезни человека и животных, вызванные прионами
|f В. М. Ройхель
|
| 320 |
|
|
|a Библиогр.: 17 назв.
|
| 461 |
|
1 |
|0 (RuTPU)RU\TPU\prd\304
|x 0032-874X
|t Природа
|o естественно-научный журнал
|f Российская Академия наук
|d 1912-
|
| 463 |
|
1 |
|0 (RuTPU)RU\TPU\prd\72950
|t № 2
|v с. 14-20
|d 2002
|
| 610 |
1 |
|
|a человек
|
| 610 |
1 |
|
|a болезни
|
| 610 |
1 |
|
|a животные
|
| 610 |
1 |
|
|a прионы
|
| 610 |
1 |
|
|a энцифалопатия
|
| 610 |
1 |
|
|a инфекции
|
| 700 |
|
1 |
|a Ройхель
|b В. М.
|
| 801 |
|
1 |
|a RU
|b 63413507
|c 20020918
|g PSBO
|
| 801 |
|
2 |
|a RU
|b 63413507
|c 20100119
|g PSBO
|
| 942 |
|
|
|c BK
|